000 00818nam a2200205Ii 4500
003 JO-AjNU
008 230605s9999||||xx |||||||||||||| ||und||
040 _aJO-AjNU
_bara
_erda
_cJO-AjNU
041 _aara
050 1 4 _aHF 5667 .S8 1980
100 3 _aعطية، سليمان,
_eauthor
_945453
245 0 0 _aتقويم مشاكل مهنة المحاسبة والتدقيق في الاردن: اسبابها وطرق علاجها دراسة ميدانية
250 _aط1
264 3 1 _aعمان: المؤسسة العربية لدراسات والنشر، 1980
300 _a220ص
_bيحتوي على ببلوغرافية من ص217-220ص
336 _atext
_btxt
_2rdacontent
337 _aunmediated
_bn
_2rdamedia
338 _avolume
_bnc
_2rdacarrier
650 4 _aتدقيق حسابات-الاردن
_945454
999 _aA19705
_c23273
_d23273